Finish the Literature Title Quiz Stats

 Plays Quiz Updated Aug 21, 2019

Score 0/20 Timer 05:00
39 Plays Today
Question Answer Wrong Answers
Roald Dahl
Charlie and the ____ Factory
Chocolate
97.5%
Candy
0.7%
Parsnip
0.1%
Carrot
0.1%
J.K. Rowling
Harry ____ and the Deathly Hallows
Potter
96.5%
Blacksmith
1.3%
Tailor
0.2%
Cobbler
0.5%
William Golding
The Lord of the ____
Flies
96.4%
Ladybugs
0.7%
Grasshoppers
0.5%
Spiders
0.8%
C. S. Lewis
The Lion, the Witch and the ____
Wardrobe
96.1%
Lamp
1.3%
Couch
0.5%
Toaster
0.5%
George Orwell
Animal ____
Farm
94.1%
Airport
0.3%
Subway
0.5%
Kitchen
3.4%
John Steinbeck
The ____ of Wrath
Grapes
93.6%
Apples
3.4%
Kiwis
0.7%
Strawberries
0.7%
Stephen King
____ Sematary
Pet
93.5%
Jump
1.6%
Cook
1.1%
Jog
2%
John Updike
The ____ of Eastwick
Witches
92.9%
Caterpillar
1.4%
Buses
1.9%
Walruses
2%
Ernest Hemingway
The Old Man and the ____
Sea
90.8%
Tree
4.2%
Bee
2.7%
Tea
0.6%
Khaled Hosseini
The ____ Runner
Kite
90.2%
Dreidel
2.6%
Tornado
4.4%
Lego
1.2%
J. D. Salinger
____ in the Rye
Catcher
90.1%
Pitcher
2.4%
Goaltender
0.9%
Goalkeeper
5%
Yann Martel
____ of Pi
Life
88.6%
Monopoly
3.5%
Checkers
1.1%
Risk
5.1%
Nathaniel Hawthorne
The ____ Letter
Scarlet
87.4%
Turqoise
1%
Teal
0.9%
Burgundy
9.1%
Harper Lee
To Kill a ____
Mockingbird
82.5%
Flamingo
0.5%
Blue Jay
15.1%
Ibis
0.4%
Alice Sebold
The Lovely ____
Bones
82%
Brain
4.2%
Heart
9.7%
Ant
2.5%
Fyodor Dostoyevsky
The ____ Karamazov
Brothers
81.2%
Sisters
10.2%
Mother-Daughter
3.6%
Father-Son
3.1%
Miguel de Cervantes
____ Quixote
Don
79%
Mike
4.2%
Muhammad
3.8%
George
11.3%
Dan Brown
The ____ Code
Da Vinci
77.4%
Shakespeare
5.3%
Plato
3.4%
Galileo
12.3%
Ken Follett
The Pillars of the ____
Earth
60.2%
Moon
19.1%
Sun
18.4%
Basketball
0.7%
Mitch Albom
____ with Morrie
Tuesdays
58%
Sundays
14.2%
Saturdays
15%
Thursdays
10.9%

You're not logged in!

Compare scores with friends on all Sporcle quizzes.
OR
Log In

Sporcle TV

Today on Sporcle TV


Watch our educational content, quiz creation guides, and fun videos on Sporcle TV.

Show Comments

Extras

Top Quizzes Today


Score Distribution

Your Account Isn't Verified!

In order to create a playlist on Sporcle, you need to verify the email address you used during registration. Go to your Sporcle Settings to finish the process.

Report this User

Report this user for behavior that violates our Community Guidelines.

Details: